| 000 | 00510nam a2200169 4500 | ||
|---|---|---|---|
| 001 | 132645 | ||
| 003 | ES-MaACL | ||
| 005 | 20230906194223.0 | ||
| 007 | t| | ||
| 008 | 070214s1956 sp r ||||1| spa d | ||
| 100 | 1 |
_aRooke, Daphne. _999522 |
|
| 245 | 1 | 0 |
_aPasiones indómitas / _cDaphne Rooke ; [versión española de Julio Fernández-Yáñez]. |
| 260 |
_aBarcelona : _bExito, _c1956. |
||
| 300 |
_a327 p. ; _c20 cm. |
||
| 700 | 1 |
_aFernández-Yáñez, Julio. _950195 |
|
| 852 |
_aES-MaACL _jC-11398 _bR.38742 |
||
| 999 |
_c132645 _d132645 |
||